00772nam a2200229 a 450000100100000000500170001000800410002704000250006808200190009310000250011224000110013724500690014826000360021730000260025365000170027965000280029670000430032483400320036704900090039995201170040899900170052500002276820230519124858.0101117s1975 mx a r 000 | spa d aDO-SdBNPaspacBNPHU a796.342bT137t1 aTalbert, Bill94677710aTennis10aTenis / Bill Talbert; traducción de René Cárdenas Barrios. aMéxico D. F. :bDiana,c1975. a95 p. :bil ;c20 cm. 4aTenis926791 4aJuego de raqueta9467781 aCárdenas Barrios, Renéttr.946779 aTítulo original :tTennis aBNGR 001050718MOaGRbGRcCTd2010-11-17iLF1l0o796.342 T137tp22768-10r2020-06-25w2020-06-25y1ZNo se presta c22265d22265